|
|
|
|
| LEADER |
01374cam a2200385 7i4500 |
| 001 |
0000015038 |
| 005 |
20240819090000.0 |
| 005 |
##20201021122300.0 |
| 003 |
##MY-KlINT |
| 008 |
201511s2009 my g 000 0 may d |
| 020 |
# |
# |
|a 9789678602372
|
| 020 |
# |
# |
|a 9678602377
|
| 039 |
# |
9 |
|a 202010211223
|b Amir
|c 202010191215
|d rozila
|c 202010191206
|d rozila
|y 201511041151
|z VLOAD
|
| 040 |
# |
# |
|a BK
|
| 082 |
0 |
0 |
|a 158.1
|
| 090 |
0 |
0 |
|a 158.1
|b TUA
|
| 090 |
0 |
0 |
|a 158.1
|b HMT
|
| 100 |
1 |
# |
|a H. M. Tuah Iskandar,
|c Dr,
|d 1960-
|e author
|
| 245 |
1 |
0 |
|a MEMBINA JATI DIRI GEMILANG /
|c DR. HM TUAH ISKANDAR al-Haj ; Editor Mohd Ali Haji Mohd Noor.
|
| 264 |
# |
0 |
|a Shah Alam, Selangor
|b KARYA BESTARI SDN. BHD
|c [2009?]
|
| 300 |
# |
# |
|a 320 pages;
|c 22cm.
|
| 336 |
# |
# |
|a text
|2 rdacontent
|
| 337 |
# |
# |
|a unmediated
|2 rdamedia
|
| 338 |
# |
# |
|a volume
|2 rdacarrier
|
| 583 |
# |
# |
|a LULUS
|
| 650 |
# |
0 |
|a Motivation (Psychology)
|
| 650 |
# |
0 |
|a Self-actualization (Psychology)
|
| 650 |
# |
0 |
|a Personality
|
| 700 |
0 |
# |
|a Mohd Ali Haji Mohd Noor
|
| 997 |
# |
# |
|a BK ELMU INTIM
|
| 998 |
# |
# |
|a 1210068965 E000012828 E000012829 40008218
|
| 999 |
|
|
|a 1210068965
|b BOOK
|c Main Non-Fiction
|e INTAN Bukit Kiara
|
| 999 |
|
|
|a 40008218
|b BOOK
|c Main Non-Fiction
|e INTAN Kampus Wilayah Timur
|
| 999 |
|
|
|a 5000012828
|b BOOK
|c Main Non-Fiction
|e INTAN Jalan Elmu
|
| 999 |
|
|
|a 5000012829
|b BOOK
|c Main Non-Fiction
|e INTAN Jalan Elmu
|